Star Wars Song by Picture - Statistics

General Stats
  • This quiz has been taken 10 times
  • The average score is 5 of 16
Answer Stats
Picture Answer % Correct
Duel of the Fates
100%
Across the Stars
56%
Imperial March
56%
Main Title
56%
Binary Sunset
44%
Cantina Band
44%
The Mandalorian
44%
Battle of the Heroes
33%
Rey's Theme
22%
Jedi Temple March
11%
Yoda's Theme
11%
Anakin's Betrayal
0%
The Force is With You
0%
The Last Jedi
0%
The Throne Room and End Title
0%
Victory Celebration
0%
No matching quizzes found
Score Distribution
Percent of People with Each Score
Percentile by Number Answered
Your Score History
You have not taken this quiz